000 00684cab a2200229 4500
001 ABS39616
008 090401t1988 xxu||||| |||| 00| 0 eng d
035 _a(Sirsi) u17769
041 _aeng
100 _aAslet, C.
245 _aCan a barn be a house?
260 _c1988
350 _a0
490 _aCountry Life
_v182(34) 25 August 1988, 106-109(3)
520 _aInvestigation into the uses for old barns including conversion into residential property and discussion of the planning priorities.
650 _aDEVELOPMENT COMMISSION FOR RURAL ENGLAND
650 _aLISTED BUILDINGS
650 _aSPAB
690 _aRURAL PRACTICE
942 _n0
948 _c04/03/1997
999 _c11786
_d11786